[Event "ch-CZE w"]
[Site "Karlovy Vary CZE"]
[Date "2004.02.26"]
[Round "8"]
[White "Valickova,M"]
[Black "Mozna Hojdarova,E"]
[Result "1-0"]
[WhiteElo "2054"]
[BlackElo "2065"]

1.e4 c5 2.Nf3 Nc6 3.Nc3 d6 4.d4 cxd4 5.Nxd4 Nf6 6.Bg5 Qa5 7.Bb5 Bd7 8.Nb3 Qd8
9.f4 a6 10.Bd3 e5 11.O-O Be7 12.Kh1 exf4 13.Bxf4 Ne5 14.Bg5 Be6 15.Nd4 O-O
16.Nf5 Bxf5 17.exf5 Nfg4 18.Bf4 Nxd3 19.Qxd3 Ne5 20.Qg3 f6 21.Ne2 Qb6 22.b3 Rf7
23.Rad1 Rc8 24.c4 Qa5 25.a4 Qb4 26.Rd5 Kh8 27.Rfd1 Rg8 28.Nd4 Qa3 29.Bd2 Qa2
30.Bc3 g6 31.Ra1 Qxa1+ 32.Bxa1 gxf5 33.Qf4 Rfg7 34.g3 Rg4 35.Qxf5 R4g6 36.Ne6 Ng4
37.Rd2 Rg5 38.Nxg5 Rxg5  1-0

[Event "ch-BRA"]
[Site "Rio de Janeiro BRA"]
[Date "2004.02.26"]
[Round "1"]
[White "Di Berardino,D"]
[Black "Bil,A"]
[Result "1-0"]
[WhiteElo "2312"]
[BlackElo "2075"]

1.e4 c5 2.Nf3 Nc6 3.Nc3 e5 4.Bc4 Nf6 5.d3 Be7 6.Nd2 O-O 7.Nf1 d6 8.Ne3 Be6
9.O-O Nd4 10.a4 Rb8 11.Ncd5 Nxd5 12.Nxd5 a6 13.a5 Bg5 14.Be3 Nc6 15.Qd2 Bxe3
16.Nxe3 Qg5 17.Qd1 Kh8 18.Kh1 Bd7 19.Nd5 f5 20.exf5 Rxf5 21.Nb6 Be8 22.Be6 Bh5
23.Qc1 Qxc1 24.Raxc1 Rf6 25.Bd5 Be8 26.Ra1 Nb4 27.Rac1 Nc6 28.Nc4 Rd8 29.c3 Bg6
30.Bxc6 bxc6 31.Rcd1 Rdf8 32.Kg1 Re6 33.Rfe1 Ref6 34.f3 Rb8 35.Nb6 Rd8 36.d4 cxd4
37.cxd4 exd4 38.Rxd4 Kg8 39.Re7 Rf7 40.Re6 Rf6 41.Rxf6 gxf6 42.Nc4 d5 43.Nb6 Kf8
44.Na4 Ke7 45.b4 Bf5 46.Nc5 Bc8 47.Kf2 Kf7 48.Rd2 Rg8 49.Ke3 Re8+ 50.Kd4 Re1
51.Nd3 Rb1 52.Kc5 Bf5 53.Nb2 Rc1+ 54.Kb6 Bc8 55.Nd3 Rc4 56.Rb2 Ke7 57.Kc7 Bf5
58.Nc5 Bc2 59.Nxa6 d4 60.Nc5 d3 61.Nxd3 Bxd3 62.a6 Rd4 63.a7  1-0

[Event "5th Montenegro Open"]
[Site "Sozina SCG"]
[Date "2004.02.26"]
[Round "9"]
[White "Kontic,D"]
[Black "Moldovan,D"]
[Result "0-1"]
[WhiteElo "2313"]
[BlackElo "2435"]

1.e4 c5 2.Nc3 Nc6 3.Nge2 e6 4.d4 d5 5.exd5 exd5 6.Be3 cxd4 7.Nxd4 Nf6 8.Bb5 Bd7
9.O-O Be7 10.Nb3 Be6 11.Nd4 Qd6 12.Nxe6 fxe6 13.g4 O-O 14.g5 Ne8 15.f4 g6
16.Na4 Ng7 17.Nc5 d4 18.Ne4 Qd5 19.Bxc6 bxc6 20.Nf6+ Bxf6 21.gxf6 Nf5 22.Bf2 Rxf6
23.Qe2 c5 24.b3 a5 25.Rae1 Ng7 26.Bh4 Rf5 27.Qb5 Raf8 28.Qxa5 Ra8 29.Qb5 Rxa2
30.Re5 Qd6 31.Qb7 Qa6 32.Qe7 Qa7 33.Rf2 Qxe7 34.Bxe7 Ra5 35.Bd6 Kf7 36.Kg2 Ke8
37.Bc7 Ra6 38.Re4 Rd5 39.Re1 Nf5 40.Kf3 Ke7 41.Be5 Rd7 42.Ke4 Ra2 43.Rfe2 Rb7
44.Kd3 Kd7 45.h4 Kc6 46.h5 gxh5 47.Rh1 Ng3  0-1

[Event "ch-BRA"]
[Site "Rio de Janeiro BRA"]
[Date "2004.02.27"]
[Round "3"]
[White "Toth,Pe BRA"]
[Black "Bil,A"]
[Result "1/2-1/2"]
[WhiteElo "2152"]
[BlackElo "2075"]

1.e4 c5 2.Nf3 Nc6 3.Nc3 e5 4.Bc4 Nf6 5.d3 Be7 6.h3 d6 7.O-O O-O 8.Nd5 Nxd5
9.Bxd5 Bd7 10.c3 Rc8 11.Nh2 Bg5 12.Qh5 Bxc1 13.Raxc1 Ne7 14.Bb3 Ng6 15.g3 Kh8
16.Nf3 f6 17.Kg2 Qe8 18.Kh2 b5 19.Bd5 a5 20.Nh4 Nxh4 21.Qxh4 g5 22.Qh6 Qg6  1/2-1/2

[Event "53rd ch-BUL w"]
[Site "Sofia BUL"]
[Date "2004.02.27"]
[Round "11"]
[White "Velcheva,M"]
[Black "Raeva,E"]
[Result "0-1"]
[WhiteElo "2317"]
[BlackElo "2141"]

1.e4 c5 2.Nf3 Nc6 3.Nc3 g6 4.d4 cxd4 5.Nxd4 Bg7 6.Be3 Nf6 7.Bc4 Qa5 8.O-O O-O
9.Nb3 Qd8 10.Be2 d6 11.f4 Be6 12.Kh1 a5 13.Nd4 Bd7 14.Bf3 Qc8 15.Nd5 Nxd5
16.exd5 Nb4 17.c3 Na6 18.Re1 a4 19.Rc1 Nc5 20.Bf2 Bf6 21.h3 Re8 22.g4 e5
23.dxe6 fxe6 24.b4 axb3 25.axb3 Ra2 26.Rc2 Rxc2 27.Qxc2 e5 28.Bd5+ Kh8 29.fxe5 dxe5
30.Nf3 Bc6 31.c4 Ne6 32.Qe4 Bxd5 33.cxd5 Nf4 34.Bd4 Nxh3 35.Nxe5 Rxe5 36.Qxe5 Bxe5
37.Rxe5 Kg8  0-1

[Event "Open"]
[Site "Jersey JCI"]
[Date "2004.02.28"]
[Round "7"]
[White "Dodgson,J"]
[Black "Greenfeld,A"]
[Result "0-1"]
[WhiteElo "2141"]
[BlackElo "2539"]

1.e4 c5 2.Nf3 Nc6 3.Nc3 Nf6 4.e5 Ng4 5.Qe2 d6 6.exd6 Qxd6 7.d4 cxd4 8.Nb5 Qb8
9.Nfxd4 e5 10.h3 Nf6 11.Bd2 Be7 12.Nf3 O-O 13.O-O-O Be6 14.Kb1 Rd8 15.g3 a6
16.Nc3 Nd4 17.Nxd4 exd4 18.Ne4 Nxe4 19.Qxe4 Bd5 20.Qxe7 Bxh1 21.Bc4 Bd5 22.Bf4 Qc8
23.Bd3 Qe6 24.Qh4 h6 25.Bd2 Bxa2+ 26.Ka1 Bc4 27.Re1 Qc6  0-1

[Event "II GM-Tage"]
[Site "Pulvermuehle GER"]
[Date "2004.02.28"]
[Round "11"]
[White "Skripchenko,A"]
[Black "Baramidze,D"]
[Result "1/2-1/2"]
[WhiteElo "2456"]
[BlackElo "2456"]

1.e4 c5 2.Nc3 Nc6 3.Bb5 d6 4.Bxc6+ bxc6 5.d3 g6 6.f4 Bg7 7.Nf3 Qb6 8.h3 Nf6
9.e5 Nd5 10.Ne4 f5 11.Nf2 O-O 12.O-O a5 13.a4 Ba6 14.b3 Nc7 15.h4 h5 16.Bd2 Bc8
17.Rb1 Be6 18.Qe1 Rfe8 19.Nh3 d5 20.c4 d4 21.Qg3 Bf7 22.e6 Nxe6 23.Rfe1 Nf8
24.Ne5 e6 25.Ng5 Bxe5 26.fxe5 Qd8 27.Re2 Nh7 28.Nf3 Kh8 29.Kf1 Qe7 30.Qe1 Qc7
31.Qc1 Ra7 32.Bg5 Nxg5 33.Qxg5 Kg7 34.Qf6+ Kg8 35.Qg5 Qe7 36.Qxe7  1/2-1/2

[Event "20th Open"]
[Site "Cappelle la Grande FRA"]
[Date "2004.02.29"]
[Round "2"]
[White "Midoux,S"]
[Black "Uhoda,P"]
[Result "1-0"]
[WhiteElo "2315"]
[BlackElo "2157"]

1.e4 c5 2.Nf3 Nc6 3.Nc3 d6 4.d4 cxd4 5.Nxd4 Nf6 6.f3 Nxd4 7.Qxd4 g6 8.Bb5+ Bd7
9.Bxd7+ Qxd7 10.O-O Bg7 11.Qf2 O-O 12.a4 Rfc8 13.Be3 a6 14.a5 Rc4 15.Rfd1 Qc6
16.Rd2 Rc8 17.g4 Nxg4 18.fxg4 Bxc3 19.bxc3 Qxe4 20.h3 Rxc3 21.Re1 Rxc2 22.Bh6 Rc1
23.Re2 Rxe1+ 24.Rxe1 Qd3 25.Rxe7 f5 26.Rg7+ Kh8 27.Rd7 Qd1+ 28.Kh2 Qd5 29.Qb2+ Qe5+
30.Qxe5+ dxe5 31.gxf5 gxf5 32.Bg7+ Kg8 33.Bxe5 Rc5 34.Rg7+ Kf8 35.Bd6+ Kxg7
36.Bxc5 Kf6 37.Kg3 Kg5 38.Kf3  1-0

[Event "20th Open"]
[Site "Cappelle la Grande FRA"]
[Date "2004.02.29"]
[Round "2"]
[White "Gharamian,T"]
[Black "Zatulovskaya,T"]
[Result "1-0"]
[WhiteElo "2332"]
[BlackElo "2160"]

1.e4 c5 2.Nc3 Nc6 3.Bb5 d6 4.Bxc6+ bxc6 5.d3 g6 6.f4 Bg7 7.h3 Rb8 8.Nf3 Nf6
9.O-O O-O 10.Qe1 Ne8 11.Qh4 f5 12.Re1 Nf6 13.e5 Nd5 14.a3 Nxc3 15.bxc3 Rb7
16.a4 Qa5 17.Bd2 c4 18.d4 d5 19.Reb1 Rxb1+ 20.Rxb1 Re8 21.Rb4 Qc7 22.Ng5 h6
23.Nf3 e6 24.Rb1 Ba6 25.Qg3 Kh7 26.Nh4 Qf7 27.Kh2 Bf8 28.Qe3 Be7 29.Nf3 Rg8
30.g4 Rf8 31.Kg2 Rg8 32.Kh2 Rf8 33.Kg2 Rg8 34.Qf2 Rf8 35.Kg3 Rg8 36.Ng1 g5
37.fxg5 Bxg5 38.Bxg5  1-0

[Event "20th Open"]
[Site "Cappelle la Grande FRA"]
[Date "2004.03.03"]
[Round "6"]
[White "Ramirez,Al"]
[Black "Gregoire,S"]
[Result "0-1"]
[WhiteElo "2499"]
[BlackElo "2313"]

1.e4 c5 2.Nf3 Nc6 3.Nc3 e5 4.Bc4 Be7 5.d3 Nf6 6.Ng5 O-O 7.f4 d5 8.exd5 Bg4
9.Qd2 Nd4 10.fxe5 Nd7 11.O-O Nxe5 12.Nge4 f5 13.Ng3 Bd6 14.Nce2 Bxe2 15.Nxe2 Qh4
16.h3 Nxe2+ 17.Qxe2 f4 18.Qe4 Rae8 19.Bd2 Nxc4 20.Qxc4 Re2 21.Be1 Qg5 22.Rf2 b5
23.Qxb5 f3 24.g4 Qe5  0-1

[Event "20th Open"]
[Site "Cappelle la Grande FRA"]
[Date "2004.03.05"]
[Round "8"]
[White "Pilgaard,K"]
[Black "Charmeteau,S"]
[Result "1-0"]
[WhiteElo "2398"]
[BlackElo "2014"]

1.e4 c5 2.Nc3 Nc6 3.Nge2 Nf6 4.d4 cxd4 5.Nxd4 Qb6 6.Nb3 e6 7.Bd3 Be7 8.O-O O-O
9.Be3 Qc7 10.f4 d6 11.Qf3 a6 12.Rae1 Bd7 13.Qg3 Rfd8 14.Kh1 b5 15.a3 Rab8
16.e5 Nd5 17.Nxd5 exd5 18.Nd4 dxe5 19.fxe5 Be6 20.Nxe6 fxe6 21.Qh3 g6 22.Qxe6+ Kh8
23.Rf7 Rg8 24.Bg5 Rg7 25.Bf6 Rg8 26.Bxg6 Qa5 27.b4  1-0

[Event "ch-TUR"]
[Site "Kusadasi TUR"]
[Date "2004.03.06"]
[Round "11"]
[White "Acuner,E"]
[Black "Secer,A"]
[Result "0-1"]
[WhiteElo "1878"]
[BlackElo "2177"]

1.e4 c5 2.Nf3 Nc6 3.Nc3 Nf6 4.d3 d6 5.g3 g6 6.Bg2 Bg7 7.O-O O-O 8.Re1 Bg4
9.h3 Bxf3 10.Bxf3 Rb8 11.Ne2 b5 12.Bg2 b4 13.f4 Qc7 14.a4 Nd7 15.Rb1 b3 16.c3 Na5
17.Be3 Nb6 18.Qd2 Qd7 19.g4 Qxa4 20.Ra1 Qb5 21.f5 Nc6 22.c4 Qb4 23.Qc1 Nd7
24.Nf4 Nde5 25.Rd1 Qb7 26.Ra3 a5 27.g5 Qd7 28.fxg6 fxg6 29.Qd2 a4 30.Qe2 Nb4
31.Raa1 Nc2 32.Kh1 Nxa1 33.Rxa1 Ra8 34.Ra3 Kh8 35.Nd5 Ra6 36.Nc3 Nc6 37.Nd1 Nd4
38.Bxd4 Bxd4 39.Ne3 Bxe3 40.Qxe3 e5 41.Ra1 Rf4 42.Kg1 Qe7 43.Qg3 Ra8 44.Kh2 Qb7
45.Ra3 Qb4 46.Qe3 Raf8 47.Ra1 Rf2 48.Rb1 Qd2  0-1

[Event "FSGM March"]
[Site "Budapest HUN"]
[Date "2004.03.08"]
[Round "3"]
[White "Grafl,F"]
[Black "Szeberenyi,A"]
[Result "1/2-1/2"]
[WhiteElo "2408"]
[BlackElo "2450"]

1.e4 c5 2.Nc3 Nc6 3.Nf3 e5 4.Bc4 d6 5.d3 Be7 6.O-O Nf6 7.Ng5 O-O 8.f4 Nd4
9.h3 exf4 10.Bxf4 Ne6 11.Nxe6 Bxe6 12.Bxe6 fxe6 13.e5 dxe5 14.Bxe5 Bd6 15.Bxd6 Qxd6
16.Qe2 Nd5 17.Kh1 Nxc3 18.bxc3 b6 19.Rae1 Rxf1+ 20.Rxf1 Rf8 21.Rxf8+ Kxf8
22.Qf3+ Ke7 23.Qb7+ Kf6 24.Qf3+ Ke7 25.Qb7+ Kf6  1/2-1/2

[Event "TCh-BEL 2003-4"]
[Site "Belgium BEL"]
[Date "2004.03.09"]
[Round "10"]
[White "Docx,S"]
[Black "Afek,Y"]
[Result "0-1"]
[WhiteElo "2334"]
[BlackElo "2369"]

1.e4 c5 2.Nc3 Nc6 3.Bb5 g6 4.Bxc6 dxc6 5.f4 Bg7 6.d3 c4 7.Nf3 cxd3 8.cxd3 Bg4
9.O-O Nf6 10.Qe1 Bxf3 11.Rxf3 Qc7 12.Kh1 O-O-O 13.Be3 Rxd3 14.Bb6 axb6 15.Rxd3 Qxf4
16.Qg1 Ng4 17.Rf1 Qc7 18.Na4 c5 19.Rb3 Bd4 20.Nxb6+ Kb8 21.Nd5 Qe5 22.Ne3 Nxe3
23.Rxe3 f5 24.g3 Bxe3 25.Qxe3 Rd8 26.Re1 Qxe4+ 27.Qxe4 fxe4 28.Rxe4 Rd1+
29.Kg2 Rd2+ 30.Kf3 Rxb2 31.Rxe7 Rxh2 32.a4 Ra2 33.Rxh7 Rxa4 34.Rg7 Ra6 35.Ke4 Rc6
36.Kd3 Ka7 37.g4 Ka6 38.Kc4 Kb6 39.g5 Rd6 40.Rf7 Kc6 41.Rf8 b5+ 42.Kb3 Re6
43.Kc3 Kd5 44.Rg8 b4+ 45.Kd2 Kc4 46.Rg7 Kb3  0-1

[Event "21st Open"]
[Site "Reykjavik ISL"]
[Date "2004.03.09"]
[Round "3"]
[White "Gunnarsson,R"]
[Black "Fridjonsson,J"]
[Result "0-1"]
[WhiteElo "2016"]
[BlackElo "2176"]

1.e4 c5 2.Nc3 Nc6 3.Nf3 Nf6 4.d3 d5 5.Bg5 d4 6.Ne2 e5 7.g3 Be7 8.Bg2 Be6
9.O-O O-O 10.Ne1 c4 11.a3 Qb6 12.Bc1 Nd7 13.f4 cxd3 14.Nxd3 f5 15.Kh1 fxe4
16.Bxe4 Nf6 17.Bg2 e4 18.Ne5 Rad8 19.Nxc6 bxc6 20.f5 Bc4 21.Rf4 Bd6 22.Rh4 Rfe8
23.Bg5 Qxb2 24.Nf4 Bxf4 25.Bxf6 gxf6 26.Rb1 Be2 27.Qe1 Bd2 28.Rxb2 Bxe1 29.Rb7 h5
30.Bf1 Bf3+ 31.Bg2 Bg4 32.Bh3 Rb8 33.Rxb8 Bf3+  0-1

[Event "TCh-SWE 2003-4"]
[Site "Goteborg SWE"]
[Date "2004.03.12"]
[Round "9"]
[White "Olsson,T"]
[Black "Bator,R"]
[Result "1-0"]
[WhiteElo "2099"]
[BlackElo "2419"]

1.e4 c5 2.Nf3 Nc6 3.Nc3 g6 4.d4 cxd4 5.Nxd4 Bg7 6.Be3 Nf6 7.Bc4 d6 8.h3 Bd7
9.Bb3 O-O 10.O-O Na5 11.f4 e5 12.Nde2 Nxb3 13.axb3 Bc6 14.Qd3 exf4 15.Nxf4 Re8
16.Nfd5 Bxd5 17.exd5 Nd7 18.Qd2 a6 19.Qf2 f5 20.Rae1 Rc8 21.Bd4 Ne5 22.Qd2 Qh4
23.Be3 Qe7 24.Bb6 Qh4 25.Be3 Qb4 26.Rf4 Qa5 27.Ra4 Qc7 28.Re2 Rf8 29.Ra1 Rf7
30.Bf4 Qd8 31.Rf2 Bf6 32.Ne2 g5 33.Bh2 f4 34.Nd4 Qb6 35.c3 Ng6 36.Nf5 Bxc3
37.Qc2 Rcf8 38.Nh6+ Kg7 39.Nxf7 Bd4 40.Nxg5 Bxf2+ 41.Qxf2 Qxf2+ 42.Kxf2 Rf5
43.Ne6+ Kf6 44.Rd1 Ke5 45.Nd4 Rf8 46.Nf3+ Kf5 47.g4+ fxg3+ 48.Bxg3 Rd8 49.Nd4+ Ke4
50.Ne6 Rd7 51.Rd4+ Kf5 52.Ke3 b5 53.b4 Kf6 54.Rd1 Ke7 55.Kd4 Ra7 56.Re1 Kd7
57.Ng5 Ne7 58.Rf1 a5 59.Nxh7 axb4 60.Nf6+ Kc7 61.Ne8+ Kd7 62.Nxd6 Ra2 63.Rf2 Ra1
64.Rf7 Rd1+ 65.Ke4 b3 66.Nf5 b4 67.Rxe7+ Kc8 68.Rc7+ Kd8 69.d6 Rd2 70.Nd4  1-0

[Event "Degremont GP"]
[Site "Clichy FRA"]
[Date "2004.03.13"]
[Round "1.2"]
[White "Degraeve,JM"]
[Black "Tregubov,P"]
[Result "0-1"]
[WhiteElo "2566"]
[BlackElo "2628"]

1.e4 c5 2.Nf3 Nc6 3.Nc3 Nf6 4.d4 cxd4 5.Nxd4 e5 6.Ndb5 d6 7.Nd5 Nxd5 8.exd5 Nb8
9.c4 Be7 10.Be2 O-O 11.O-O a6 12.Nc3 Bf5 13.Be3 Nd7 14.b4 Rc8 15.Rc1 Bg5
16.Qd2 Bxe3 17.Qxe3 Qb6 18.a3 Qxe3 19.fxe3 Bg6 20.Na4 b6 21.Bg4 f5 22.Bh3 Rc7
23.e4 Rb8 24.exf5 Be8 25.g3 Nf6 26.Nb2 Rbc8 27.Bg2 a5 28.Rfd1 Bd7 29.Bf3 Bxf5
30.Kf2 Kf8 31.Ke3 Ke7 32.Be2 axb4 33.axb4 Ra7 34.Ra1 Rca8 35.Rxa7+ Rxa7 36.Bf3 Ra3+
37.Kf2 Rb3  0-1

[Event "FSGM March"]
[Site "Budapest HUN"]
[Date "2004.03.15"]
[Round "10"]
[White "Drabke,L"]
[Black "Fogarasi,T"]
[Result "1/2-1/2"]
[WhiteElo "2439"]
[BlackElo "2477"]

1.e4 c5 2.Nc3 Nc6 3.Bb5 Nd4 4.Bc4 g6 5.Nge2 Bg7 6.Nxd4 cxd4 7.Qf3 Nh6 8.Ne2 O-O
9.c3 dxc3 10.dxc3 Ng4 11.Bxf7+ Rxf7 12.Qxg4 d5 13.Qh4 Bf6 14.Qh6 dxe4 15.O-O Qd3
16.Ng3 Bd7 17.Bg5 Bc6 18.Rad1 Qb5 19.Bc1 Be5 20.Qh4 Qa4 21.Qg5 Bxg3 22.fxg3 Raf8
23.Qg4 Rxf1+ 24.Rxf1 Rxf1+ 25.Kxf1 Qxa2 26.Qc8+ Kg7 27.Qd8 Qb1 28.Qxe7+ Kg8
29.Qe6+  1/2-1/2

[Event "ch-VIE"]
[Site "Dalat City VIE"]
[Date "2004.03.16"]
[Round "7"]
[White "Nguyen Thai Binh"]
[Black "Le Quang Liem"]
[Result "0-1"]
[WhiteElo "2268"]
[BlackElo "2297"]

1.e4 c5 2.Nc3 Nc6 3.Nge2 d6 4.d4 cxd4 5.Nxd4 e6 6.Be3 Nf6 7.Be2 Be7 8.O-O O-O
9.f4 a6 10.a4 Qc7 11.Bf3 Na5 12.Qd3 e5 13.Nde2 Be6 14.b3 exf4 15.Bxf4 Nc6
16.Qd2 Ne5 17.Nd4 Rac8 18.Nce2 Nxf3+ 19.gxf3 Bh3 20.Rfd1 Nh5 21.Be3 d5 22.Nf4 Nxf4
23.Bxf4 Bd6 24.Bxd6 Qxd6 25.exd5 Qxd5 26.c4 Qh5 27.Qf4 Rc5 28.Kh1 h6 29.Rg1 Re8
30.Rad1 Rce5 31.b4 g6 32.a5 Kg7 33.Qg3 Rg5 34.Qf4 Rge5 35.Qg3 Rc8 36.Rc1 Re3
37.Qf4 Rce8 38.Rgd1 R8e5 39.Rg1 Kg8 40.Rcd1 Rc3 41.Qf6 Rf5 42.Qd8+ Kh7 43.Rg3 Rf4
44.Qd6 Rh4 45.Qf6 g5 46.Kg1 Rf4 47.Nf5 Bxf5 48.Qxc3 Be6 49.Rd4 Rf5 50.Rd8 f6
51.Qd3 Qf7 52.c5 Kg7 53.Rg2 Re5 54.Rd2 Bf5 55.Qd6 Be6 56.Kf2 Qh5  0-1

[Event "Petrosian Mem"]
[Site "Stepanakert AZE"]
[Date "2004.03.17"]
[Round "9"]
[White "Pashikian,A"]
[Black "Anastasian,A"]
[Result "0-1"]
[WhiteElo "2451"]
[BlackElo "2587"]

1.e4 c5 2.Nc3 Nc6 3.Bb5 g6 4.Bxc6 dxc6 5.d3 e5 6.f4 Qh4+ 7.g3 Qe7 8.fxe5 Bg7
9.Nf3 Bg4 10.h3 Bxf3 11.Qxf3 Qxe5 12.O-O Nf6 13.Ne2 O-O 14.Bd2 Nd7 15.Bc3 Qe7
16.Bxg7 Kxg7 17.Rae1 Qe6 18.Nf4 Qd6 19.Kg2 Rae8 20.c3 Re7 21.Qf2 Rfe8 22.b3 a5
23.g4 b5 24.h4 c4 25.dxc4 bxc4 26.Rd1 Qe5 27.Rd4 cxb3 28.axb3 Nc5 29.h5 Nxe4
30.h6+ Kxh6 31.Qh4+ Kg7 32.Rh1 h5 33.Nd3 Qf6 34.gxh5 g5 35.Qg4 c5 36.Rd5 Qxc3
37.h6+ Kh8 38.Re1 Nf6 39.Rxe7 Nxg4 40.Rxe8+ Kh7  0-1

[Event "5th Karpov"]
[Site "Poikovsky RUS"]
[Date "2004.03.18"]
[Round "2"]
[White "Zhang Zhong"]
[Black "Malakhov,V"]
[Result "1-0"]
[WhiteElo "2639"]
[BlackElo "2700"]

1.e4 c5 2.Nf3 Nc6 3.Nc3 g6 4.d4 cxd4 5.Nxd4 Bg7 6.Be3 Nf6 7.Bc4 O-O 8.Bb3 a5
9.O-O d6 10.Ndb5 b6 11.a4 Ba6 12.f4 Nd7 13.Qf3 Bxc3 14.bxc3 Na7 15.c4 Nc5
16.f5 Nc6 17.Bh6 Ne5 18.Qf4 Re8 19.h4 f6 20.fxg6 hxg6 21.Rae1 Kh7 22.Qd2 Qc8
23.Bf4 Bb7 24.Nc3 Ne6 25.Bg3 Nxc4 26.Qd1 Ne5 27.Nd5 Bxd5 28.Qxd5 Ng7 29.Bf2 Rb8
30.Re3 Ng4 31.Rg3 Nxf2 32.h5 g5 33.Qf7 d5 34.Rxf2 Rf8 35.Qg6+ Kh8 36.exd5 Qc5
37.d6 e6 38.h6 Nh5 39.Qxh5 Qxd6 40.Qg6 Rb7 41.Rd3 Qe5 42.Rd1 Rh7 43.Qxf6+  1-0

[Event "TCh-AUT 2003-4"]
[Site "Jenbach AUT"]
[Date "2004.03.19"]
[Round "9"]
[White "Weinzettl,E"]
[Black "Baumegger,S"]
[Result "1-0"]
[WhiteElo "2343"]
[BlackElo "2374"]

1.e4 c5 2.Nf3 Nc6 3.Nc3 d6 4.Bb5 e5 5.d3 Nf6 6.Nd2 Be7 7.Nf1 Bg4 8.f3 Be6
9.Ne3 O-O 10.O-O Nh5 11.Ncd5 Bg5 12.g3 g6 13.c3 Ne7 14.f4 exf4 15.gxf4 Bxd5
16.fxg5 Be6 17.Ng4 Bxg4 18.Qxg4 Nc6 19.Bxc6 bxc6 20.Be3 Qe7 21.Rf3 Rab8 22.b3 a5
23.Raf1 a4 24.bxa4 Ra8 25.Qg2 Rxa4 26.Qc2 Qa7 27.R3f2 Qa6 28.Qb3 c4 29.dxc4 Rxc4
30.Bd4 c5 31.Rxf7 Rc8 32.Ra7  1-0

[Event "TCh-CZE Extraliga 2003-4"]
[Site "Czech Rep CZE"]
[Date "2004.03.20"]
[Round "8"]
[White "Walek,M"]
[Black "Hagara,E"]
[Result "1-0"]
[WhiteElo "2339"]
[BlackElo "2422"]

1.e4 c5 2.Nf3 Nc6 3.Nc3 e5 4.Bc4 d6 5.d3 Be7 6.O-O Nf6 7.Ng5 O-O 8.f4 Bg4
9.Qe1 exf4 10.Bxf4 Nd4 11.Qh4 Bh5 12.Nxh7 Kxh7 13.Bg5 b5 14.Bxf6 Bxf6 15.Qxh5+ Kg8
16.Bd5 Rb8 17.Rf2 Ne6 18.Kh1 Qe7 19.Raf1 Bd4 20.Rf3 g6 21.Qg4 Kg7 22.Ne2 Bxb2
23.Ng3 Ng5 24.Rxf7+ Qxf7 25.Bxf7 Nxf7 26.Nf5+ Kf6 27.Qh4+ g5 28.Qh7 Ke6 29.Qg6+ Bf6
30.Ne3  1-0

[Event "German Cup Final"]
[Site "Efurt GER"]
[Date "2004.03.21"]
[Round "2"]
[White "Sebastian,D"]
[Black "Enders,P"]
[Result "1-0"]
[WhiteElo "2378"]
[BlackElo "2478"]

1.e4 c5 2.Nc3 Nc6 3.Nf3 d6 4.d4 cxd4 5.Nxd4 Nf6 6.Be2 e6 7.O-O Be7 8.Be3 O-O
9.f4 a6 10.Qe1 Nxd4 11.Bxd4 b5 12.Bf3 Bb7 13.Rd1 Qc7 14.e5 dxe5 15.fxe5 Nd7
16.Bxb7 Qxb7 17.Ne4 Rad8 18.Qe3 Kh8 19.Ng5 Kg8 20.c3 Qc6 21.Qf4 Nb8 22.Qg4 Bxg5
23.Qxg5 Rd5 24.Rd3 f5 25.g4 fxg4 26.Rxf8+ Kxf8 27.Qxg4 Kg8 28.Rf3 Rd7 29.b4 Qc4
30.Qh5 Qc8 31.Bc5 Rd1+ 32.Kg2 Rd2+ 33.Kg3 Nd7 34.Qf7+ Kh8 35.Bf8  1-0

[Event "TCh-AUT 2003-4"]
[Site "Jenbach AUT"]
[Date "2004.03.21"]
[Round "11"]
[White "Ljubic,J"]
[Black "Kilgus,G"]
[Result "1/2-1/2"]
[WhiteElo "2241"]
[BlackElo "2340"]

1.e4 c5 2.Nc3 Nc6 3.Nge2 d6 4.d4 cxd4 5.Nxd4 e5 6.Nf3 Be7 7.h3 Be6 8.Nd5 Nf6
9.Nxf6+ Bxf6 10.Be2 O-O 11.c4 Rc8 12.O-O Nd4 13.b3 Nxe2+ 14.Qxe2 Be7 15.Rd1 f6
16.a4 b6 17.Ba3 Rc6 18.Rd2 Qc7 19.Rad1 f5 20.exf5 Bxf5 21.Ne1 Rf6 22.Nc2 Rg6
23.Qf3 Qd7 24.Kf1  1/2-1/2

[Event "TCh-BEL 2003-4"]
[Site "Belgium BEL"]
[Date "2004.03.23"]
[Round "11"]
[White "Vedder,R"]
[Black "Kishnev,S"]
[Result "0-1"]
[WhiteElo "2246"]
[BlackElo "2488"]

1.e4 c5 2.Nf3 Nc6 3.Nc3 e5 4.Bc4 Be7 5.Nd5 Nf6 6.Nxe7 Qxe7 7.d3 d6 8.c3 Be6
9.Qe2 h6 10.h3 O-O-O 11.a3 d5 12.Bb5 Na5 13.b4 Nb3 14.Rb1 Nxc1 15.Rxc1 a6
16.Ba4 dxe4 17.dxe4 Nd7 18.Bxd7+ Bxd7 19.Qe3 Ba4 20.O-O Rd7 21.Nd2 Kb8 22.Nc4 Bb5
23.Nb6 Bxf1 24.Nxd7+ Qxd7 25.Rxf1 Rc8 26.f4 cxb4 27.axb4 exf4 28.Qxf4+ Rc7
29.Rf3 Qe6 30.Rd3 Qe7 31.Kf2 f6 32.Kf3 Ka7 33.Qe3+ b6 34.Qd4 Qe6 35.Qd5 Qc8
36.Qd4 Qe6 37.Qd5 Qc8 38.Qd4 f5 39.exf5 Qxf5+ 40.Kg3 Kb7 41.Qe3 Qg6+ 42.Kh2 Qf6
43.Kg3 Re7 44.Qf3+ Qxf3+ 45.Kxf3 Kc6 46.c4 b5 47.c5 Re6 48.Ra3 Kd5 49.Rc3 a5
50.bxa5 Ra6 51.Ke3 Kc6 52.Kd2 Rxa5 53.Rg3 Ra7 54.Rg4 Kxc5 55.Kc3 g5 56.Kb3 Rd7
57.Rg3 Rd4 58.Rf3 Rf4 59.Rg3 Rf5 60.Rg4 h5 61.Rg3 Kd4 62.Kb4 Ke5 63.Re3+ Kf6
64.Re8 Re5 65.Rf8+ Kg6 66.Rf2 g4 67.h4 Rf5 68.Rc2 Kf6 69.Re2 Re5 70.Rf2+ Ke6
71.Rf8 Rf5 72.Re8+ Kd5 73.Kxb5 Rf2 74.Rh8 Rb2+ 75.Ka4 Rxg2 76.Rxh5+ Ke4 77.Rh8 Rh2
78.h5 g3 79.h6 g2 80.Rg8 Kf3 81.Rf8+ Ke2 82.Rg8 Kf1 83.Rf8+ Kg1  0-1

[Event "14th Asian Cities"]
[Site "Tagaytay City PHI"]
[Date "2004.03.23"]
[Round "4"]
[White "Egorov,E"]
[Black "Mallahi,A"]
[Result "0-1"]
[WhiteElo "2381"]
[BlackElo "2378"]

1.e4 c5 2.Nf3 Nc6 3.Nc3 e5 4.Bc4 Be7 5.d3 Nf6 6.Ng5 O-O 7.f4 exf4 8.Bxf4 d5
9.exd5 Nd4 10.O-O b5 11.Nxb5 Nxb5 12.Bxb5 Nxd5 13.Qh5 h6 14.Nh3 Bxh3 15.Qxh3 Nxf4
16.Rxf4 Qb8 17.Re4 Qxb5 18.Rxe7 Qxb2 19.Rf1 Qxc2 20.Qe3 a5 21.h3 Qxa2 22.Qxc5 a4
23.Qc4 Qxc4 24.dxc4 f6 25.Kf2 Rfc8 26.Rd1 Ra5 27.Rdd7 Rg5  0-1

[Event "14th Asian Cities"]
[Site "Tagaytay City PHI"]
[Date "2004.03.24"]
[Round "6"]
[White "Mariano,N"]
[Black "Abdul Moula,S"]
[Result "1-0"]
[WhiteElo "2416"]
[BlackElo "2196"]

1.e4 c5 2.Ne2 Nc6 3.Nbc3 Nf6 4.g3 d6 5.Bg2 g6 6.O-O Bg7 7.d3 O-O 8.h3 Rb8
9.f4 e6 10.g4 Ne8 11.f5 Nd4 12.Ng3 Qh4 13.Nce2 Be5 14.Bf4 Nxe2+ 15.Nxe2 Bxf4
16.Rxf4 e5 17.Rf3 Bd7 18.Qd2 f6 19.fxg6 hxg6 20.Raf1 Ng7 21.Nc3 Rf7 22.Nd5 Rbf8
23.Qf2 Qxf2+ 24.R3xf2 Ne8 25.c3 Kg7 26.d4 Bc6 27.dxe5 dxe5 28.Rd1 Rd7 29.Rfd2 Rff7
30.h4 b6 31.Kh2 Bxd5 32.Rxd5 Rxd5 33.Rxd5 Nc7 34.Rd6 Re7 35.Bf1 Ne6 36.Bc4 Nf8
37.Bb5 Rc7 38.Kg3 Re7 39.Kf3 Ne6 40.Bc4 Nf8 41.Ke2  1-0

[Event "Amber Rapid"]
[Site "Monte Carlo MNC"]
[Date "2004.03.25"]
[Round "5"]
[White "Shirov,A"]
[Black "Kramnik,V"]
[Result "1/2-1/2"]
[WhiteElo "2736"]
[BlackElo "2777"]

1.e4 c5 2.Nf3 Nc6 3.Nc3 e5 4.Bc4 d6 5.d3 Be7 6.Nd2 Bg5 7.h4 Bxd2+ 8.Bxd2 Nf6
9.O-O Bg4 10.f3 Be6 11.Nd5 O-O 12.f4 Ng4 13.g3 exf4 14.Nxf4 Bxc4 15.Qxg4 Ne5
16.Qh5 Be6 17.Nxe6 fxe6 18.Bc3 Nc6 19.Rxf8+ Qxf8 20.Rf1 Qe7 21.Kg2 b5 22.Rf2 b4
23.Bd2 Rf8 24.Rxf8+ Qxf8 25.c3 bxc3 26.bxc3 Qf7 27.Qxf7+ Kxf7 28.Bf4 e5 29.Be3 h5
30.Kf3 Ke6 31.Ke2 a6 32.Kd2 Kd7 33.Kc2 Na5 34.c4 Nc6 35.Kc3 Kc7 36.a3 Kb6
37.Kb3 Nb8 38.Bg5 Nc6 39.Be3 Nd8 40.Kc3 Nc6  1/2-1/2

[Event "14th Asian Cities"]
[Site "Tagaytay City PHI"]
[Date "2004.03.26"]
[Round "8"]
[White "Mahjoob,M"]
[Black "Situru,N"]
[Result "0-1"]
[WhiteElo "2457"]
[BlackElo "2375"]

1.e4 c5 2.Nc3 Nc6 3.Bb5 Nd4 4.Bc4 a6 5.Nf3 Nxf3+ 6.Qxf3 e6 7.d3 Ne7 8.O-O b5
9.Bb3 Bb7 10.Bg5 Qc7 11.Bf4 d6 12.Qg3 Nc6 13.Rae1 O-O-O 14.a4 b4 15.Nb1 Na5
16.Nd2 h6 17.c3 bxc3 18.bxc3 g5 19.Be3 d5 20.exd5 Bd6 21.Qh3 Nxb3 22.Nxb3 Bxd5
23.c4 Bb7 24.d4 g4 25.Qh5 cxd4 26.Nxd4 Rhg8 27.c5 Be5 28.c6 Ba8 29.Rd1 Rd5
30.Nb5 axb5 31.Rxd5 exd5 32.axb5 Qe7 33.Qf5+ Qe6 34.Qc2 Kd8 35.Bc5 Bxc6 36.bxc6 Qxc6
37.Rb1 Bc7 38.Rc1 Kd7 39.Qd3 Re8 40.g3 Re4 41.Be3 Qb7 42.Rc5 Ke6 43.Qc2 Bd6
44.Rc6 Kd7 45.Rb6 Qa8 46.Qd3 d4 47.Qb5+ Ke6 48.Bd2 Qd5 49.Qe8+ Kf5 50.Qd7+ Re6
51.Qxf7+ Ke4 52.Bf4 d3 53.Bxd6 d2 54.Qf4+ Kd3 55.Rb3+ Qxb3 56.Qf5+ Re4  0-1

[Event "14th Asian Cities"]
[Site "Tagaytay City PHI"]
[Date "2004.03.27"]
[Round "9"]
[White "Yu Shaoteng"]
[Black "Al Sulaiti,G"]
[Result "1-0"]
[WhiteElo "2490"]
[BlackElo "2065"]

1.e4 c5 2.Nc3 Nc6 3.Bb5 Qc7 4.Nf3 Nf6 5.O-O Nd4 6.Bc4 d6 7.h3 Nxf3+ 8.Qxf3 g6
9.d3 Bg7 10.Bg5 O-O 11.Qg3 a6 12.a4 Be6 13.Qh4 Rad8 14.Rfe1 Rfe8 15.Nd5 Bxd5
16.exd5 Qa5 17.Bb3 Ra8 18.Qf4 Nh5 19.Qc1 Bf6 20.Bd2 Qc7 21.c3 Ng7 22.a5 e5
23.dxe6 Nxe6 24.Qd1 Kg7 25.Qf3 Bg5 26.Rxe6 Bxd2 27.Qf6+ Kg8 28.Rxd6 Bg5 29.Bxf7+ Qxf7
30.Qxg5 Re2 31.Rf6 Qe7 32.Qd5+ Kg7 33.Rd6 Re1+ 34.Rxe1 Qxe1+ 35.Kh2 Qxf2
36.Qe5+ Kh6 37.Rd7 Rf8 38.Rxb7 Qf6 39.Qxf6 Rxf6 40.Rb6 Rf2 41.Rxa6 Rxb2 42.Rc6 Rb5
43.a6 Ra5 44.Kg3 Kg5 45.Kf3 Kf5 46.Ke3 h5 47.h4 Kg4 48.Rxg6+ Kxh4 49.Ke4 Ra3
50.c4 Ra1 51.Kd5  1-0